000
00297nam a22001217a 4500
999
_c
15380
_d
15380
020
_a
81-86299-78-5
082
_a
664.02
_b
DAS/FO
100
_a
Das, H
_9
2070
245
_a
Food processing operations analysis
260
_a
New Delhi
_b
Asian Books Private Limited
_c
2005
300
_a
406
942
_c
BK